000 00617nam a22001937a 4500
005 20150903114727.0
010 _aENG-113459
020 _c700.00
_a9788173872280
035 _aEN-96991
037 _bDBAD/PUB
082 _a551.6095496
245 _aClimate change in the Himalayas :
_cedited by Vir Singh...[et al]
_bpreserving the third pole for cooling the earth /
260 _aNew Delhi
_bIndus Publishing
_c2011
270 _aFS- 5, Tagore Garden
_bNew Delhi
_e110027
300 _a302p.
_c22cm(Hb)
500 _aIncludes index
700 _aVir Singh
942 _2ddc
_cEN
_mCLI
_h551.6095496
999 _c94885
_d94885